| 000 | 00488 a2200133 4500 | ||
|---|---|---|---|
| 041 | 0 | _ager | |
| 245 | 0 | 0 | _aTechnische Mitteilungen Aeg Telefunken |
| 260 |
_aBerlin : _bAalemeine elektrizitats - gesellschaft (aeg) - trlrfunken, _c1968-. |
||
| 300 | _c29 cm. | ||
| 336 |
_aTekst _btxt _2rdacontent |
||
| 337 |
_aBez urządzenia pośredniczącego _bn _2rdamedia |
||
| 338 |
_aWolumin _bnc _2rdacarrier |
||
| 380 | _aCzasopisma | ||
| 710 | 2 |
_aAalemeine Elektrizitats - Gesellschaft (Aeg) - Trlrfunken. _eWydawca _4pbl |
|
| 999 |
_c23656 _d23656 |
||